Drapeaux des anciennes régions françaises. - Statistiques

Statistiques générales
  • Ce quiz a été pris 487 fois
    387 depuis la dernière actualisation
  • Le résultat moyen est 10 sur 21
Statistiques - réponses
Par images Réponse % Correct
Bretagne
97%
Corse
88%
Normandie
73%
Ile-de-France
69%
Provence-Alpes-Côte-D'Azur
54%
Pays de la Loire
52%
Languedoc Rousillon
50%
Lorraine
50%
Nord-Pas-de-Calais
45%
Alsace
44%
Midi-Pyrénées
42%
Auvergne
41%
Bourgogne
41%
Rhône-Alpes
41%
Champagne-Ardennes
38%
Franche-Comté
36%
Aquitaine
35%
Centre
34%
Picardie
29%
Limousin
27%
Poitou-Charentes
26%
Aucun quiz correspondant
Distribution des résultats
% des personnes avec chaque résultat
Percentile par nombre de réponses
Votre historique - résultats
Vous n’avez pas pris ce quiz depuis la dernière actualisation